Đảng ta với văn hóa - văn nghệ - mấy ý nghĩ về một số vấn đề đang đặt ra hiện nay /
Spremljeno u:
| Glavni autor: | |
|---|---|
| Format: | Članak |
| Jezik: | Vietnamese |
| Teme: | |
| Oznake: |
Dodaj oznaku
Bez oznaka, Budi prvi tko označuje ovaj zapis!
|
| Thư viện lưu trữ: | Thư viện Trường Đại học Đà Lạt |
|---|
| LEADER | 01082nam a2200361 4500 | ||
|---|---|---|---|
| 001 | DLU040028332 | ||
| 040 | # | # | |a DLU |b vie |
| 041 | # | # | |a vie |
| 044 | # | # | |a vn |
| 100 | # | # | |a Nguyễn Đình Thi. |
| 245 | # | # | |a Đảng ta với văn hóa - văn nghệ - mấy ý nghĩ về một số vấn đề đang đặt ra hiện nay / |c Nguyễn Đình Thi. |
| 653 | # | # | |a Đảng Cộng sản Việt Nam |
| 653 | # | # | |a Văn hóa |
| 653 | # | # | |a Văn hóa dân gian |
| 653 | # | # | |a Văn học cách mạng |
| 653 | # | # | |a Văn học nghệ thuật |
| 653 | # | # | |a Văn nghệ quần chúng |
| 653 | # | # | |a Văn nghệ sĩ |
| 773 | # | # | |t Tạp chí Khoa học Xã hội Việt Nam |g Số 44, quý II, 2000, tr. 35-41 |
| 920 | # | # | |a Phòng Tạp chí -- Trung tâm Thông tin - Thư viện Trường Đại học Đà Lạt |
| 933 | # | # | |a DP |
| 933 | # | # | |a LS |
| 933 | # | # | |a NV |
| 933 | # | # | |a VN |
| 933 | # | # | |a XH |
| 994 | # | # | |a DLU |
| 900 | # | # | |a True |
| 911 | # | # | |a Nguyễn Thị Minh Cầm |
| 925 | # | # | |a G |
| 926 | # | # | |a A |
| 927 | # | # | |a BB |
| 980 | # | # | |a Thư viện Trường Đại học Đà Lạt |